Transgressió a l'adolescència i joventut : orientacions per a les iniciatives locals : jornada orientacions per a les iniciatives locals :
Descripción Física:
1 capsa ; 35 cm + 1 díptic, 1 fulletó
MARC
| LEADER | 00000nam a2200000Ia 4500 | ||
|---|---|---|---|
| 001 | 22373 | ||
| 008 | 160829s1996 xx 000 0 cat d | ||
| 080 | |a FOL-3-80 | ||
| 245 | |a Transgressió a l'adolescència i joventut : |b orientacions per a les iniciatives locals : |b jornada | ||
| 260 | |a Barcelona : |b Diputació de Barcelona. Àrea de Serveis Socials, |c 1996 | ||
| 300 | |a 1 capsa ; |c 35 cm + 1 díptic, 1 fulletó | ||
| 590 | |a A la coberta: Barcelona, 16 i 17 de setembre de 1996. | ||
| 590 | |a Inclou 12 treballs que han de ser seleccionats per a participar en les Jornades. | ||
| 590 | |a El fulletó es troba al R. 22374 | ||
| 650 | |a Joventut |x Congressos |9 42213 | ||
| 650 | |a Política de la joventut |x Congressos |9 42214 | ||
| 650 | |a Adolescència |x Congressos |9 42215 | ||
| 710 | |a Barcelona (Catalunya : Província). |b Àrea de Serveis Socials |9 53159 | ||
| 901 | |a Arxiu | ||
| 942 | |n 1 | ||
| 952 | |0 0 |1 0 |4 0 |6 FOL380 |7 1 |9 50713 |a Arxiu |b Arxiu |d 2016-12-01 |l 0 |o FOL-3-80 |p 22373 |r 2016-12-01 00:00:00 |w 2016-12-01 |y ARXIU | ||
| 999 | |c 54555 |d 54555 | ||